logo

Bir Sreshtho Munshi Abdur Rouf Library
Jhenaidah Cadet College

Central and Eastern Europe : (Record no. 7371)

MARC details
000 -LEADER
fixed length control field 00982cam a2200289 a 4500
001 - CONTROL NUMBER
JCCL Control Number 7371
003 - CONTROL NUMBER IDENTIFIER
JCCL marc code BD-JhCC
005 - DATE AND TIME OF LATEST TRANSACTION
control field 20180210101705.0
008 - FIXED-LENGTH DATA ELEMENTS--GENERAL INFORMATION
fixed length control field 881004s1989 coua b 001 0 eng
020 ## - INTERNATIONAL STANDARD BOOK NUMBER
International Standard Book Number 0813307732 (alk. paper) :
Terms of availability $33.50
020 ## - INTERNATIONAL STANDARD BOOK NUMBER
International Standard Book Number 0813307740 (pbk. : alk. paper) :
Terms of availability $16.95
035 ## - SYSTEM CONTROL NUMBER
system control number (BD-JhCC)7371
040 ## - CATALOGING SOURCE
Original cataloging agency DLC
Transcribing agency DLC
Modifying agency DLC
-- BD-JhCC
041 ## - LANGUAGE CODE
Language code of Book eng
050 00 - LIBRARY OF CONGRESS CALL NUMBER
Classification number DJK50
Item number .C46 1989
082 00 - DEWEY DECIMAL CLASSIFICATION NUMBER
Classification number 947
DDC Edition number 19
Author mark and Year CEN 1989
245 00 - TITLE STATEMENT
Title Central and Eastern Europe :
Remainder of title the opening curtain? /
Statement of responsibility, etc edited by William E. Griffith.
260 ## - PUBLICATION, DISTRIBUTION, ETC. (IMPRINT)
Place of publication, distribution, etc Boulder, Colo. :
Name of publisher, distributor, etc Westview Press,
Date of publication, distribution, etc 1989.
300 ## - PHYSICAL DESCRIPTION
Pagination xix, 458 p. :
Other physical details ill. ;
Dimensions 24 cm.
504 ## - BIBLIOGRAPHY, ETC. NOTE
Bibliography, etc Includes bibliographical references and index.
651 #0 - SUBJECT ADDED ENTRY--GEOGRAPHIC NAME
Geographic name Europe, Eastern
General subdivision Politics and government
Chronological subdivision 1945-1989.
651 #0 - SUBJECT ADDED ENTRY--GEOGRAPHIC NAME
Geographic name Europe, Eastern
General subdivision Economic conditions
Chronological subdivision 1945-1989.
651 #0 - SUBJECT ADDED ENTRY--GEOGRAPHIC NAME
Geographic name Europe, Eastern
General subdivision Foreign relations
Chronological subdivision 1945-1989.
700 1# - ADDED ENTRY--PERSONAL NAME
Personal name Griffith, William E.
942 ## - ADDED ENTRY ELEMENTS (KOHA)
Source of classification or shelving scheme Dewey Decimal Classification
Koha item type Books
Holdings
Source of classification or shelving scheme Damaged status Not for loan Home library Current library Shelving location Date of accession Total Checkouts Full call number Barcode Date last seen Copy number Koha item type
Dewey Decimal Classification     JCC Rouf Library JCC Rouf Library General Stacks 02/10/2018   947 CEN 1989 9967 02/08/2018 C - 1 Books

JCC Library | Contacts | JCC Home

Last Update on 23 September 2017
Copyright @ 2017-2020 JCC Rouf Library
Rouf Library, Jhenidah Cadet College (JCC), Bangladesh